Howl's Moving Castle - Statistics

General Stats
  • This quiz has been taken 198 times
  • The average score is 10 of 16
Answer Stats
Hint Answer % Correct
Who is the fire demon who moves the castle? Calcifer
93%
Who is cursed to look like an old lady? Sophie
92%
Who is said to eat the hearts of beautiful girls? Howl
89%
What type of shop does Sophie's family own? Hat shop
87%
What year was the film release? 2004
76%
Who cursed Sophie? The Witch of the Waste
70%
Sophie meets a sentient scarecrow in her travels. What does she name it? Turnip Head
63%
What is the second? Wizard Pendragon
61%
Who was the director? Hayao Miyazaki
59%
Howl has two other names. What is the first? Wizard Jenkins
57%
Who is the young boy who lives in the castle? Markl
47%
What is Calcifer? A falling star
45%
What is the name of Sophie's sister? Lettie
36%
Who composed the soundtrack? Joe Hisaishi
32%
Who is the King's advisor (hint: She drained the Witch of the Waste's power)? Suliman
31%
When Sophie kisses the scarecrow on the cheek, who does he turn into? Prince Justin
19%
No matching quizzes found
Score Distribution
Percent of People with Each Score
Percentile by Number Answered
Your Score History
You have not taken this quiz